[Event "Osasco"]
[Site "Osasco"]
[Date "1992.??.??"]
[Round "2"]
[White "Pereira, Silvio Cunha"]
[Black "Resende, Antonio Carlos"]
[Result "1-0"]
[WhiteElo "2300"]
[BlackElo "2330"]
[PlyCount "65"]
[EventDate "1992.??.??"]
[EventType "tourn"]
[EventRounds "9"]
[EventCountry "BRA"]
[SourceTitle "EXT 1999"]
[Source "ChessBase"]
[SourceDate "1998.11.16"]
[SourceVersion "1"]
[SourceVersionDate "1998.11.16"]
[SourceQuality "1"]

1. e4 c5 2. Nf3 Nc6 3. Nc3 d6 4. d4 cxd4 5. Nxd4 Nf6 6. Bc4 Qb6 7. Nb3 e6 8. Be3 Qc7 9. f4 Be7 10. 0-0 0-0 11. Qe2 a6 12. a4 b6 13. g4 Re8 14. g5 Nd7 15. Rf3 Bf8 16. Rd1 Bb7 17. Rh3 g6 18. Qf2 Nb4 19. Bf1 Be7 20. f5 exf5 21. exf5 Ne5 22. Qh4 Nf3+ 23. Rxf3 Bxf3 24. fxg6 hxg6 25. Qxb4 Bxd1 26. Nxd1 Qxc2 27. Nf2 d5 28. Qh4 Qxb3 29. Bd4 f6 30. gxf6 Qf3 31. fxe7 Qh5 32. Qf6 Qh7 33. Bg2 1-0

[Event "Sao Paulo Latin America Cup open"]
[Site "Sao Paulo"]
[Date "1991.??.??"]
[Round "3"]
[White "Resende, Antonio Carlos"]
[Black "Milos, Gilberto"]
[Result "0-1"]
[WhiteElo "2315"]
[BlackElo "2530"]
[PlyCount "78"]
[EventDate "1991.09.14"]
[EventType "swiss"]
[EventRounds "11"]
[EventCountry "BRA"]
[SourceTitle "EXT 1997"]
[Source "ChessBase"]
[SourceDate "1996.11.15"]
[SourceVersion "1"]
[SourceVersionDate "1996.11.15"]
[SourceQuality "1"]

1. d4 Nf6 2. Nf3 d6 3. Nc3 Bg4 4. e4 e6 5. Be3 d5 6. h3 Bh5 7. exd5 exd5 8. g4 Bg6 9. Ne5 Bb4 10. Nxg6 hxg6 11. Bg2 Nbd7 12. Qd3 c6 13. a3 Bd6 14. 0-0-0 Qc7 15. Kb1 0-0-0 16. Rdf1 Nb6 17. f4 Nc4 18. Bc1 Rhe8 19. Ka2 b5 20. f5 b4 21. axb4 Bxb4 22. Kb1 Qa5 23. Nd1 Bd2 24. c3 Bxc1 25. Kxc1 Qa1+ 26. Kc2 Re7 27. fxg6 Rde8 28. Rf2 fxg6 29. g5 Re3 30. Qxc4 dxc4 31. Nxe3 Qa4+ 32. Kd2 Nh5 33. h4 Qb5 34. Nd1 Ng3 35. Re1 Rd8 36. Bh3+ Kb8 37. Rf4 c5 38. Re5 Qb6 39. d5 Qd6 0-1

[Event "Sao Paulo Latin America Cup open"]
[Site "Sao Paulo"]
[Date "1991.??.??"]
[Round "11"]
[White "Resende, Antonio Carlos"]
[Black "Panno, Oscar"]
[Result "0-1"]
[WhiteElo "2315"]
[BlackElo "2440"]
[PlyCount "96"]
[EventDate "1991.09.14"]
[EventType "swiss"]
[EventRounds "11"]
[EventCountry "BRA"]
[SourceTitle "EXT 1997"]
[Source "ChessBase"]
[SourceDate "1996.11.15"]
[SourceVersion "1"]
[SourceVersionDate "1996.11.15"]
[SourceQuality "1"]

1. d4 Nf6 2. c4 e6 3. Nc3 Bb4 4. Qc2 c5 5. dxc5 Qc7 6. a3 Bxc5 7. Nf3 a6 8. b4 Be7 9. e3 b6 10. Bb2 Bb7 11. Rc1 d6 12. Be2 Nbd7 13. 0-0 0-0 14. h3 Rac8 15. Qb1 Qb8 16. e4 Rfe8 17. Rfe1 Nf8 18. Bd3 Ng6 19. Ne2 Qa8 20. Ng3 Bc6 21. Bd4 Nd7 22. Nh5 Bf8 23. Qa1 f6 24. b5 Bb7 25. Nd2 Nge5 26. Bb1 g6 27. Nf4 Nc5 28. bxa6 Qxa6 29. Qc3 Qa5 30. Qxa5 bxa5 31. Rc3 Kf7 32. Bc2 Bh6 33. Be3 Bg7 34. Ne2 f5 35. exf5 gxf5 36. Bd4 Rg8 37. Rb1 Bxg2 38. Rg3 Bc6 39. f4 Ng6 40. Bxg7 Rxg7 41. Kf2 Kf6 42. Rb6 Rb7 43. Rxb7 Bxb7 44. Ke3 e5 45. fxe5+ dxe5 46. Rg1 Rd8 47. Nf1 f4+ 48. Kf2 Nd3+ 0-1

[Event "BRA-ch m"]
[Site "Brazil"]
[Date "1991.??.??"]
[Round "2"]
[White "Resende, Antonio Carlos"]
[Black "Watanabe, Roberto Tadashi"]
[Result "1/2-1/2"]
[WhiteElo "2330"]
[BlackElo "2325"]
[PlyCount "45"]
[EventDate "1991.??.??"]
[EventType "k.o."]
[EventRounds "8"]
[EventCountry "BRA"]
[SourceTitle "EXT 1997"]
[Source "ChessBase"]
[SourceDate "1996.11.15"]
[SourceVersion "1"]
[SourceVersionDate "1996.11.15"]
[SourceQuality "1"]

1. d4 Nf6 2. c4 c5 3. d5 e6 4. Nc3 exd5 5. cxd5 d6 6. e4 g6 7. Bd3 Bg7 8. Nf3 0-0 9. h3 b5 10. Bxb5 Nxe4 11. Nxe4 Qa5+ 12. Nfd2 Qxb5 13. Nxd6 Qd3 14. N2c4 Qxd1+ 15. Kxd1 Ba6 16. Bg5 f6 17. Bf4 Rd8 18. Kc2 Bxc4 19. Nxc4 Rxd5 20. Bxb8 Rxb8 21. Rad1 Rbd8 22. Rxd5 Rxd5 23. Rd1 1/2-1/2